00292 a2200121 450000100060000008200120000610000200001824500460003825000060008426000290009030000270011950000240014660105 a671 WAL aWalker, John R. aMODERN METAL WORKING, 9/ecJohn R. Walker a9 aUSAbG-W PUBLISHERc2004 a672 p.borigional book aBE textbook IE dept